Aladdin and the magic lamp
| Format: | Book |
|---|---|
| Published: |
India :
Fortune Books ,
2004
|
| Series: | Fortune illustrated tales for children
|
| Subjects: |
MARC
| LEADER | 00000cam a2200000 7i4500 | ||
|---|---|---|---|
| 001 | 0000003179 | ||
| 005 | 20151222.0 | ||
| 008 | 070717 | ||
| 020 | |a 8181990250 | ||
| 090 | 0 | 0 | |a JF |b ENG |
| 245 | 1 | 0 | |a Aladdin and the magic lamp |
| 260 | |a India : |b Fortune Books , |c 2004 | ||
| 440 | |a Fortune illustrated tales for children | ||
| 500 | |a Children ages 10-12 years old (pink) | ||
| 650 | 0 | |a Classic tales | |
| 650 | 0 | |a Junior fiction |x English |x Languages | |
| 999 | |a 0000961904 |b Book |c Children Collection |e Perbadanan Perpustakaan Awam Johor | ||